Statistics for Countries with No COVID-19 Deaths (7/30)

Click here to take the quiz!

General Stats

  • This quiz has been taken 11 times
  • The average score is 8 of 15

Answer Stats

Country% Correct
Fiji
82%
Bhutan
73%
Vatican City
73%
Dominica
64%
Grenada
64%
St. Kitts and Nevis
55%
St. Lucia
55%
St. Vincent and the Grenadines
55%
Vietnam
55%
Cambodia
45%
Laos
45%
Timor-Leste
45%
Eritrea
27%
Mongolia
27%
Seychelles
27%

Score Distribution

Percentile by Number Answered

Percent of People with Each Score

Your Score History

You have not taken this quiz